000 00733nam a2200217Ia 4500
005 20241129110201.0
008 241129s9999||||xx |||||||||||||| ||und||
037 _aTB
040 _aARTS
_bhin
_cARTS
041 _ahin
_2hin
084 _aO168,3NSA,KA 152Q6
_qARTS
100 _aसुनामी, सय्याह, ले.
245 0 _aकाफिर
_cसुनामी, सय्याह, ले.
260 _aनौएडा, भारत
_bनौएडा जागृति प्रकाशन
_c2016
300 _a255पृ0
365 _aINR
_b300
546 _aTranslated from Urdu to Hindi
650 _aUrdu Fiction
_93298
942 _cTB
_hO168,3NSA,KA 152Q6
999 _c1227641
_d1227641